• 首页
  • 本馆介绍
  • 公告通知
  • 最新文献
  • 馆藏检索
  • 电子资源
  • 读者导购
  • 参考咨询
  • 我的图书馆
  • 登录
  • 详细信息显示
  • 放入我的书架
  • 预约/预借图书
  • 作者相关作品
  • 分类相关作品
  • 丛书相关作品
  • 出版社相关作品

书目信息

  • 表格格式
  • 工作单格式
  • 卡片格式
题名:
挋绝非典
    
 
作者: 鲁明 著
分册:  
出版信息: 北京   京华出版社  2003
页数: 94页
开本: 20cm
丛书名:
单 册:
中图分类: R563.1
科图分类:
主题词: 呼吸系统疾病--防治 , 胸腔疾病
电子资源:
ISBN: 7-80600-768-7
000 00572nam0 2200217 450
001 0738104201
005 20070710084246.42
010    @a7-80600-768-7@dCNY4.50
100    @a20070706d2003 km y0chiy0120 ea
101 0  @achi
102    @aCN
200 1  @a挋绝非典@Azhen jue fei dian@f鲁明等著@Flu ming deng zhu
210    @a北京@c京华出版社@d2003
215    @a94页@d20cm
300    @a非典型肺炎防治读本
606 0  @a呼吸系统疾病@x防治
606 0  @a胸腔疾病
690    @aR563.1@v3
701  0 @a鲁明@Alu ming@4著
801  0 @aCN@bPFT@c20070710
905    @a10447@dR563.1@e100
    
    挋绝非典/鲁明等著.-北京:京华出版社,2003
    94页;20cm
    非典型肺炎防治读本
    
    ISBN 7-80600-768-7:CNY4.50
    
●
相关链接 在E读中查询图书 在五车中查询图书 在当当中查询图书 在豆瓣中查询图书


正题名:挋绝非典     索取号:R563.1/100         预约/预借

序号 登录号 条形码 馆藏地/架位号 状态 备注
1 0766818   207668184   第二样本阅览室/ [索取号:R563.1/100] 在馆    
唐山师范学院图书馆 欢迎您!
大连网信软件有限公司© 版权所有